Antologia Della Letteratura Italiana Ii Parte Prima

Збережено в:
Бібліографічні деталі
Автор: A.Gianni Bm. Balestri A.Pasquali
Формат: Книга
Мова:Невідома мова
Опубліковано: Casa Editrice G.D'anna
Теги: Додати тег
Немає тегів, Будьте першим, хто поставить тег для цього запису!

MARC

LEADER 00000nam a2200000Ia 4500
001 R-1369
003 CODICE-MESSINA
005 20260212102506.0
008 260211s9999 xx 000 0 und d
040 |c importazione_messina 
100 |a A.Gianni Bm. Balestri A.Pasquali 
245 0 |a Antologia Della Letteratura Italiana Ii Parte Prima 
260 |b Casa Editrice G.D'anna 
942 |2 ddc  |c BK 
952 |0 0  |1 0  |2 ddc  |4 0  |6 SCAFFALE_13_000000000000000__LETTERATURA  |7 0  |9 32203  |a ME  |b ME  |d 2026-02-11  |l 0  |o SCAFFALE 13 - LETTERATURA  |p R-1369  |r 2026-02-11 23:53:02  |w 2026-02-11  |x [REVISIONARE]  |y BK 
999 |c 27870  |d 27870